000 00744nam a2200241Ia 4500
003 OSt
005 20220927103134.0
006 a|||||r|||| 00| 0
007 ta
008 220926b |||||||| |||| 00| 0 eng d
024 _a14786
037 _cReference Collections
040 _aRTL
_cRTL
_beng
041 _2eng
_aeng
082 _a"X:576.1(X).N7, M1/UN"
100 _aBRYANT Ralph C
_9353522
245 0 _aNotes on the analysis of capital flows to developing nations and the recycling
260 _aWashington
_bWorld Bank
_c1981
300 _a67p.
_ccm.
490 _aWorld Bank staff working paper. 476.
942 _h"X:576.1(X).N7, M1/UN"
_cCC
999 _c680810
_d680810